Water quality of the Gornje Podunavlje protected area estimated on the basis of bioindicators
Elmentve itt :
| Szerzők: | |
|---|---|
| Dokumentumtípus: | Könyv része |
| Megjelent: |
2000
|
| Sorozat: | Tiscia monograph series
Ecology of river valleys |
| Kulcsszavak: | Ökológia, Vízminőség |
| Tárgyszavak: | |
| Online Access: | http://acta.bibl.u-szeged.hu/10246 |
| LEADER | 00831naa a2200229 i 4500 | ||
|---|---|---|---|
| 001 | acta10246 | ||
| 005 | 20220307102434.0 | ||
| 008 | 161015s2000 hu o 0|| eng d | ||
| 022 | |a 1418-0448 | ||
| 040 | |a SZTE Egyetemi Kiadványok Repozitórium |b hun | ||
| 041 | |a eng | ||
| 100 | 1 | |a Branković D. | |
| 245 | 1 | 0 | |a Water quality of the Gornje Podunavlje protected area estimated on the basis of bioindicators |h [elektronikus dokumentum] / |c Branković D. |
| 260 | |c 2000 | ||
| 300 | |a 169-174 | ||
| 490 | 0 | |a Tiscia monograph series | |
| 490 | 0 | |a Ecology of river valleys | |
| 650 | 4 | |a Természettudományok | |
| 650 | 4 | |a Föld- és kapcsolódó környezettudományok | |
| 695 | |a Ökológia, Vízminőség | ||
| 700 | 0 | 1 | |a Budakov Ljiljana |e aut |
| 856 | 4 | 0 | |u http://acta.bibl.u-szeged.hu/10246/1/tiscia_mono_005_169-174.pdf |z Dokumentum-elérés |